000 00464nam a2200169 i 4500
001 130724
003 ES-MaACL
005 20231207063025.0
007 t|
008 070806s1912 sp ||||1| spa d
100 1 _aZayas, Antonio de,
_d1871-1945
_9118118
245 1 0 _aA orillas del Bósforo /
_cAntonio de Zayas.
260 _aMadrid :
_bJuan Pueyo,
_c1912.
300 _a410 p. ;
_c19 cm.
852 _aES-MaACL
_jF-8155
999 _c130724
_d130724